00451nam a2200121Ia 4500082001200000100001700012245011400029260006000143300000800203504002600211650004700237650004500284 aRP.0269 aPandey, S.P. 0aStudy of development programmes in enhancing the socio-economic condition of scheduled caste in Uttar Pradesh c0bIndian Council of Social Science Research, New Delhi a127 aincludes bibliography aDalitszUttar PradeshvEconomic conditions aDalitsvUttar PradeshzSocial conditions